00552nam a2200193Ia 450000500170000000800410001702000150005808200130007310000260008624500370011226000340014930000170018365000130020065000120021365000170022594200060024295200950024899900150034320240826030220.0240331s9999 xx 000 0 und d a8170461391 bMOTa800 aBandyopadhyay, S. Tr. 0aMother of 1084 :bMahasweta Devi aCalcuttabSeagull Booksc1997 axx, 130 p ., aPolitics aSociety aHypocritical cL 001040708LaWERCLbWERCLcSSCd2024-03-31l0o 800 MOTp2575r2024-03-31w2024-03-31yL c3068d3068